00289nam a2200121Ia 4500008004100000100001400041245004200055260002500097300000900122650001400131942000700145999001500152190216s9999||||xx |||||||||||||| ||und|| aYadav J B 0aAdvanced Practical Physical Chemistry bGoel Pub Housec2001 a496p aChemistry cBK c3010d3010